Collins Easy Learning German Crammer and Practice (Record no. 11186)

MARC details
000 -LEADER
fixed length control field 00283nam a22000977a 4500
008 - FIXED-LENGTH DATA ELEMENTS--GENERAL INFORMATION
fixed length control field 181008b ||||| |||| 00| 0 eng d
020 ## - INTERNATIONAL STANDARD BOOK NUMBER
International Standard Book Number 9780007492589
100 ## - MAIN ENTRY--PERSONAL NAME
Personal name GOYAL
9 (RLIN) 6943
245 ## - TITLE STATEMENT
Title Collins Easy Learning German Crammer and Practice
260 ## - PUBLICATION, DISTRIBUTION, ETC. (IMPRINT)
Place of publication, distribution, etc. New Delhi
Name of publisher, distributor, etc. Goyal Publication
Date of publication, distribution, etc. 2017
Holdings
Withdrawn status Lost status Source of classification or shelving scheme Damaged status Koha normalized classification for sorting Not for loan Home library Current library Shelving location Date acquired Total Checkouts Full call number Barcode Date last seen Date last checked out Price effective from Koha item type
    Dewey Decimal Classification   GOY_430_000000000000000   Good Samaritan School Library Good Samaritan School Library German 10/08/2018 3 GOY430 GOY15163 01/28/2026 01/21/2026 10/08/2018 BOOK

Powered by Koha